000 00722nam a2200193 4500
008 171213b xxu||||| |||| 00| 0 eng d
020 _a0028020626
082 _21994
_aDC 808.042
_bB26s
245 _aGlencoe springboard for passing the GED writing skills test /
_cLinda Barnes...[and others].
260 _aNew York, N. Y. :
_bGlencoe/Macmillan/McGraw-Hill,
_c©1994.
300 _a284 pages :
_bcolored illustrations ;
_c28 cm
500 _aIncludes index.
650 0 _925064
_aGED tests
_xStudy guides.
700 _925066
_aBarnes, Linda, author.
700 _925068
_aBreen, Adrienne, author.
700 _925069
_aMcLachlan brown, Jane, author.
700 _925070
_aBrown, Mary T., author.
942 _2ddc
_cDC
999 _c8103
_d8103